064_ Personnalités nées un 5 mars par images - Statistiques

Statistiques générales
  • Ce quiz a été pris 33 fois
  • Le résultat moyen est 4 sur 9
Statistiques - réponses
Par images Hint Réponse % Correct
Homme d'affaires Bernard Arnault
94%
Rappeur MC Solaar
79%
Chanteur Bertrand Cantat
58%
Chanteur Renan Luce
52%
Rugbyman Dan Carter
33%
Gymnaste Mélanie de Jesus dos Santos
33%
Militante Rosa Luxemburg
15%
Skieur Victor Muffat-Jeandet
6%
Dessinateur Jean Tabary
0%
Aucun quiz correspondant
Distribution des résultats
% des personnes avec chaque résultat
Percentile par nombre de réponses
Votre historique - résultats
Vous n’avez pas pris ce quiz